000 01284nam a2200217Ia 4500
003 Ost
005 20260507075004.0
008 260507s9999||||xx |||||||||||||| ||und||
040 _cfsecg
041 _aara
082 _a658.15
100 _aالفار، مصطفى
_eمؤلف
245 0 _aالادارة المالية العامة /
_c مصطفى الفار
260 _aعمان:
_bدار اسامة للنشر و التوزيع,
_c2007
300 _a208 صفحة؛
_c24 سم
504 _aبيبليوغرافيا: ص. 203-204
520 _aتجد في هذا الكتاب مدخل إلى الادارة المالية العامة ، السياسة الائتمانية وتطور الفكر المالي ، الايرادات ، النفقات العامة ، المديونية العامة ، طرق ابداعية لعلاج مشكلة المديونية ، الرقابة المالية العامة ، الميزانية عامة ، صندوق النقد العربي في الاسواق المالية العربية السياسة المالية العامة ، التشخيص المالي والاستراتيجي للمؤسسة ، التخاصية
653 _aالإدارة المالية
653 _aالمالية العامة
942 _cكتاب
999 _c42098
_d42098